000 00430nam a2200157Ia 4500
005 20240828070014.0
008 240331s9999 xx 000 0 und d
082 _bHAL
_a800
100 _aHalpe, A
245 0 _aSigiri Poems :
_bTranslations of Sinhala poems of the 6th-10th centuries
260 _aPeradeniya
_bPeradeniya prakasana
_c1995
300 _axii, 25 p .,
650 _aSinhala Language
650 _aPoems
942 _cL
999 _c3104
_d3104